LALIGA 25/26 - Statistics

Statistiche generali
  • Questo quiz è stato fatto 35 volte
  • Il punteggio medio è 18 su 20
Statistiche sulle risposte
con Immagini Risposta % Corretto
Athletic Bilbao
100%
Atletico Madrid
100%
Barcellona
100%
Real Madrid
100%
Betis
97%
Celta Vigo
97%
Osasuna
97%
Real Sociedad
97%
Sevilla
97%
Valencia
97%
Villareal
97%
Espanyol
91%
Levante
91%
Deportivo Alaves
88%
Getafe
88%
Girona
88%
Rayo Vallecano
82%
Elche
79%
Mallorca
79%
Real Oviedo
67%
Nessun quiz corrispondente trovato
Distribuzione punteggi
Percentuale di utenti per punteggio
Percentile per numero di risposta
I tuoi punteggi nel tempo
Non hai fatto questo quiz